All Modern-Day Countries Ever Controlled By Spain - Statistics

General Stats
  • This quiz has been taken 2,667 times
    1,408 since last reset
  • The average score is 54 of 60
Answers on the Map
Answers color-coded by a green-red scale on the quiz's map according to % correct below.
 
Answer Stats
Country % Correct
Spain
99%
United States
99%
Italy
98%
Mexico
98%
Argentina
97%
Belgium
97%
Brazil
97%
Chile
97%
Colombia
97%
Cuba
97%
France
97%
Morocco
97%
Netherlands
97%
Peru
97%
Uruguay
97%
Bolivia
96%
Ecuador
96%
Haiti
96%
Indonesia
96%
Panama
96%
Paraguay
96%
Philippines
96%
Venezuela
96%
Canada
95%
Dominican Republic
95%
Guyana
95%
Costa Rica
94%
El Salvador
94%
Guatemala
94%
Honduras
94%
Algeria
93%
Bahamas
93%
Belize
93%
Nicaragua
93%
Jamaica
92%
Suriname
92%
Andorra
91%
Libya
91%
Tunisia
91%
Malaysia
90%
United Kingdom
90%
Monaco
89%
Equatorial Guinea
87%
Trinidad and Tobago
86%
Cameroon
85%
F.S. Micronesia
83%
Gabon
82%
Germany
82%
Malta
82%
Nigeria
82%
Palau
81%
Luxembourg
80%
Portugal
80%
Taiwan
80%
Marshall Islands
76%
Saint Kitts and Nevis
75%
Solomon Islands
75%
Vanuatu
73%
Tonga
72%
Switzerland
65%
No matching quizzes found
Score Distribution
Percent of People with Each Score
Percentile by Number Answered
Your Score History
You have not taken this quiz since the last reset